Basic Electronics (Record no. 291398)

MARC details
000 -LEADER
fixed length control field 00324pam a2200133a 44500
008 - FIXED-LENGTH DATA ELEMENTS--GENERAL INFORMATION
fixed length control field 230405s1986 xxu||||| |||| 00| 0 eng d
041 ## - LANGUAGE CODE
Language code of text/sound track or separate title ENG
100 ## - MAIN ENTRY--PERSONAL NAME
Personal name Bernard Grob
245 ## - TITLE STATEMENT
Title Basic Electronics
260 ## - PUBLICATION, DISTRIBUTION, ETC.
Place of publication, distribution, etc.
Name of publisher, distributor, etc. Mcgraw Hill Book company
Date of publication, distribution, etc. 1986
300 ## - PHYSICAL DESCRIPTION
Extent 350p.
690 ## - LOCAL SUBJECT ADDED ENTRY--TOPICAL TERM (OCLC, RLIN)
Topical term or geographic name as entry element SR.COLLEGE REGULAR GRANT
906 ## - LOCAL DATA ELEMENT F, LDF (RLIN)
a 55
Holdings
Withdrawn status Lost status Damaged status Not for loan Collection Home library Current library Date acquired Source of acquisition Cost, normal purchase price Total Checkouts Full call number Barcode Date last seen Price effective from Koha item type
          Matoshri Bayabai Shripatrao Kadam Kanya Mahavidyalaya, Kadegaon, Sangli Matoshri Bayabai Shripatrao Kadam Kanya Mahavidyalaya, Kadegaon, Sangli 11/03/2010 Mcgraw Hill Book company 312.00   621 KVK-S00077 18/04/2023 18/04/2023 Book